000 00332nam a2200133Ia 4500
005 20251222142030.0
008 251222s9999||||xx |||||||||||||| ||spa||
020 _a9972-2672-2-9
082 _a869.57/C33
100 _aCastañeda, Arianna
245 0 _aEl Jardín de los Amables Espinos
264 _bEl Santo Oficio
942 _cLIB
999 _c10936
_d10936